Un casamiento provisional (Record no. 157249)

MARC details
000 -LEADER
campo de control de longitud fija 01112nam a22002295i 4500
001 - NÚMERO DE CONTROL
campo de control 157249
003 - IDENTIFICADOR DE NÚMERO DE CONTROL
campo de control ES-MaACL
005 - FECHA Y HORA DE LA ÚLTIMA TRANSACCIÓN
campo de control 20250826150932.0
008 - DATOS DE LONGITUD FIJA--INFORMACIÓN GENERAL
campo de control de longitud fija 040817s1842 sp |||| | spa d
040 ## - FUENTE DE CATALOGACIÓN
Centro catalogador/agencia de origen CAM
Lengua de catalogación spa
Centro/agencia transcriptor CAM
080 ## - NÚMERO DE LA CLASIFICACIÓN DECIMAL UNIVERSAL
Número de la Clasificación Decimal Universal 821.133.1-23"18"
100 1# - ENTRADA PRINCIPAL--NOMBRE DE PERSONA
Nombre de persona Laurencin,
Títulos y otros términos asociados al nombre Monsieur,
Fechas asociadas al nombre 1808-1890
9 (RLIN) 149487
245 13 - MENCIÓN DEL TÍTULO
Título Un casamiento provisional
Resto del título : comedia en un acto /
Mención de responsabilidad, etc. escrita en francés por Mr. Laurencin ; (traducción de J. de la C. Tirado).
260 ## - PUBLICACIÓN, DISTRIBUCIÓN, ETC.
Lugar de publicación, distribución, etc. Madrid :
Nombre del editor, distribuidor, etc. [s.n.,
Fecha de publicación, distribución, etc. 1842?] (
Fabricante Imp. de F. Suárez)
300 ## - DESCRIPCIÓN FÍSICA
Extensión 18 p. ;
Dimensiones 26 cm.
490 1# - MENCIÓN DE SERIE
Mención de serie Museo dramático, colección de comedias del teatro estrangero [sic] representadas en los principales de la corte ;
Designación de volumen o secuencia 1
500 ## - NOTA GENERAL
Nota general Representada por primera vez en Madrid, en el teatro de la Cruz el día 12 de julio de 1842.
700 1# - ENTRADA AGREGADA--NOMBRE PERSONAL
Nombre de persona Tirado, Juan de la Cruz,
Fechas asociadas al nombre n. 1812
9 (RLIN) 133264
830 00 - PUNTO DE ACCESO ADICIONAL DE SERIE-TÍTULO UNIFORME
Título uniforme Museo dramático ó Colección de comedias del teatro estranjero representadas en los principales teatros de la corte
Designación de volumen o secuencia 1
9 (RLIN) 242030
852 ## - LOCALIZACIÓN
Ubicación ES-MaACL
Número de control de estantería F-7488(7)
Nota libre -- Enc. hol. en un vol. facticio
Holdings
Estatus retirado Estado de pérdida Estado de daño No para préstamo Colección Biblioteca de origen Biblioteca actual Ubicación en estantería Fecha de adquisición Fuente de adquisición Total de préstamos Signatura topográfica completa Código de barras Visto por última vez Precio de reemplazo Tipo de ítem Koha
        Libros del s. XIX Biblioteca del Ateneo de Madrid Biblioteca del Ateneo de Madrid Depósito 2 17/01/2008     F-7488(7) 1164551 23/02/2023 23/02/2023 Libro impreso antiguo